| 000 | 00878nam a2200241 a 4500 | ||
|---|---|---|---|
| 001 | 000008692 | ||
| 005 | 20200929161404.0 | ||
| 008 | 090918s1999 000 0 spa d | ||
| 020 | _a089729890X | ||
| 040 | _aDO-SdBNP | ||
| 082 |
_axxx _bV18m |
||
| 100 | 1 |
_aVallejo, Catharina _923140 |
|
| 245 | 1 | 4 |
_aLas madres de la patria y las bellas mentiras : _bimágenes de la mujer en el discurso literario nacional de la República Dominicana / _cCatharina Vallejo. |
| 260 |
_aMiami : _bEdiciones Universal, _c1999. |
||
| 300 |
_a335 p. ; _c24 cm. |
||
| 490 | 1 | _aPolymita | |
| 500 | _aIncluye datos biográficos del autor en la contracubierta | ||
| 500 | _aIncluye notas al pie de las páginas | ||
| 504 | _aIncluye referencias bibliográficas (p. 308-318) | ||
| 590 | _aLa biblioteca posee un ejemplar ortografiado por el autor | ||
| 830 | 0 |
_aPolymita _923141 |
|
| 049 | _aBNPD | ||
| 999 |
_c8462 _d8462 |
||